[Event "BL 0809 SV Mülheim Nord - OSC Baden Bad"]
[Site "?"]
[Date "2009.01.31"]
[Round "10.2"]
[White "Fridman, Daniel"]
[Black "Nisipeanu, Liviu-Dieter"]
[Result "1/2-1/2"]
[WhiteElo "2630"]
[BlackElo "2684"]
[PlyCount "100"]
[EventDate "2009.??.??"]

1. c4 g6 2. d4 Bg7 3. e4 d6 4. Nc3 Nf6 5. f4 O-O 6. Nf3 c5 7. dxc5 Qa5 8. Bd3
Qxc5 9. Qe2 Nc6 10. Be3 Qh5 11. h3 Qa5 12. Rc1 Nh5 13. Qf2 f5 14. exf5 Nb4 15.
Bb1 Bxf5 16. O-O Nd3 17. Bxd3 Bxd3 18. Rfe1 Bxc4 19. Bd4 e5 20. b4 Qd8 21. fxe5
dxe5 22. Bxe5 Bxe5 23. Rxe5 Nf4 24. Qe3 Qb6 25. Qxb6 axb6 26. Re4 Rac8 27. Kh2
Nd3 28. Rb1 Bf7 29. Na4 Bxa2 30. Ra1 Rc2 31. Nd4 Rd2 32. Re2 Rxe2 33. Nxe2 Nxb4
34. Nxb6 Rf6 35. Nd7 Rf2 36. Nc3 Bd5 37. Nxd5 Nxd5 38. Rb1 Ne3 39. Kg3 Rf5 40.
Rxb7 Nf1+ 41. Kg4 h5+ 42. Kh4 Kg7 43. Ne5+ Kh6 44. Nxg6 Kxg6 45. Rb6+ Kf7 46.
Rb7+ Ke6 47. Rb6+ Kd7 48. Rb7+ Kc6 49. Rg7 Ne3 50. Rg5 Rxg5 1/2-1/2

[Event "BL 0809 SV Mülheim Nord - OSC Baden Bad"]
[Site "?"]
[Date "2009.01.31"]
[Round "10.4"]
[White "Levin, Felix"]
[Black "Naiditsch, Arkadij"]
[Result "1/2-1/2"]
[WhiteElo "2536"]
[BlackElo "2678"]
[PlyCount "88"]
[EventDate "2009.??.??"]

1. d4 Nf6 2. c4 g6 3. Nc3 d5 4. Nf3 Bg7 5. Bg5 c6 6. e3 O-O 7. cxd5 Nxd5 8.
Nxd5 cxd5 9. Be2 Nc6 10. O-O Qb6 11. Qd2 Bf5 12. Rac1 Rac8 13. Rc5 Rfd8 14.
Rfc1 a6 15. a3 f6 16. Bh4 Bf8 17. R5c3 Na7 18. Bg3 Nb5 19. Rxc8 Rxc8 20. Rxc8
Bxc8 21. Bd3 Nd6 22. Qc2 Bd7 23. h4 Kg7 24. h5 Be8 25. hxg6 hxg6 26. Bxd6 Qxd6
27. Nh4 f5 28. f4 e6 29. Nf3 Qd8 30. Qf2 Be7 31. Ne5 Bf6 32. g3 Ba4 33. Qd2 Qc7
34. Kf2 a5 35. g4 b6 36. g5 Bxe5 37. dxe5 Bb3 38. Kg3 Qc5 39. Be2 Kf8 40. Kf3
Bc4 41. Bd1 Qc6 42. Kg3 Bb5 43. Qc2 Qc5 44. Qxc5+ bxc5 1/2-1/2

[Event "BL 0809 SV Mülheim Nord - OSC Baden Bad"]
[Site "?"]
[Date "2009.01.31"]
[Round "10.5"]
[White "Nielsen, Peter-Heine"]
[Black "Berelovich, Alexander"]
[Result "1-0"]
[WhiteElo "2662"]
[BlackElo "2576"]
[PlyCount "125"]
[EventDate "2009.??.??"]

1. d4 Nf6 2. c4 c5 3. d5 e6 4. Nc3 exd5 5. cxd5 d6 6. e4 g6 7. Nge2 Bg7 8. Ng3
O-O 9. Be2 Na6 10. O-O Bd7 11. Bg5 h6 12. Bf4 Qc7 13. Qd2 Kh7 14. Rac1 Rfe8 15.
Rfe1 Rad8 16. a3 Qb8 17. b4 b5 18. Rb1 c4 19. Be3 Nc7 20. Bd4 Re7 21. f4 Rde8
22. f5 g5 23. Rf1 Na8 24. Kh1 Nb6 25. Nh5 Nxh5 26. Bxh5 Bxd4 27. Qxd4 Bc8 28.
Nxb5 Nd7 29. Nc3 Ne5 30. Be2 Rc7 31. Rfc1 Bd7 32. Nd1 Qb6 33. Qc3 Rec8 34. Ne3
Re8 35. Re1 Bc8 36. Qd4 Bd7 37. Qc3 Bb5 38. Ng4 Bd7 39. Rec1 Rec8 40. Ne3 Re8
41. Re1 Bb5 42. Ng4 Nxg4 43. Bxg4 Re5 44. f6 Qb8 45. Bf5+ Kg8 46. Qh3 Qf8 47.
Re3 c3 48. Rg3 Rxf5 49. Qxf5 c2 50. Rc1 Bd7 51. Qf3 Rc4 52. Qe2 Qc8 53. Qh5 Qf8
54. h4 g4 55. Rxg4+ Bxg4 56. Qxg4+ Kh8 57. Qe2 Qc8 58. Qh5 Qf8 59. Kg1 a6 60.
e5 dxe5 61. d6 e4 62. d7 Rd4 63. Rxc2 1-0

[Event "BL 0809 SV Mülheim Nord - OSC Baden Bad"]
[Site "?"]
[Date "2009.01.31"]
[Round "10.7"]
[White "Schlosser, Philipp"]
[Black "Saltaev, Mihail"]
[Result "1/2-1/2"]
[WhiteElo "2567"]
[BlackElo "2484"]
[PlyCount "69"]
[EventDate "2009.??.??"]

1. d4 d5 2. c4 c6 3. Nf3 Nf6 4. e3 e6 5. Bd3 dxc4 6. Bxc4 Nbd7 7. O-O Bd6 8.
Nc3 O-O 9. Bb3 e5 10. h3 Qe7 11. Qc2 a5 12. a3 b6 13. Re1 Bb7 14. e4 exd4 15.
Nxd4 Qe5 16. f4 Qxd4+ 17. Be3 Qxe3+ 18. Rxe3 Bxf4 19. Rf3 Be5 20. Rd1 Rae8 21.
Qf2 Re7 22. Bc2 Ba6 23. b4 axb4 24. axb4 Bc4 25. Na4 Rb8 26. Rf5 Be6 27. Rxe5
Nxe5 28. Nxb6 Reb7 29. Qc5 Nfd7 30. Nxd7 Nxd7 31. Qxc6 Rb6 32. Qc7 R6b7 33. Qc6
Rb6 34. Qc7 R6b7 35. Qc6 1/2-1/2

[Event "BL 0809 SF Katernberg - SC Eppingen"]
[Site "?"]
[Date "2009.01.31"]
[Round "10.1"]
[White "Braun, Arik"]
[Black "Chuchelov, Vladimir"]
[Result "1/2-1/2"]
[WhiteElo "2567"]
[BlackElo "2575"]
[PlyCount "87"]
[EventDate "2009.??.??"]

1. d4 Nf6 2. c4 e6 3. Nc3 Bb4 4. Qc2 O-O 5. a3 Bxc3+ 6. Qxc3 b6 7. Bg5 Bb7 8.
f3 h6 9. Bh4 d5 10. e3 Nbd7 11. cxd5 Nxd5 12. Bxd8 Nxc3 13. Bh4 Nd5 14. Bf2 c5
15. e4 Ne7 16. O-O-O Rac8 17. Kb1 cxd4 18. Bxd4 Rfd8 19. Bb5 a6 20. Ba4 Nc5 21.
Bxc5 Rxd1+ 22. Bxd1 Rxc5 23. Ne2 Ng6 24. Nc3 Rc7 25. Rf1 Ne5 26. Be2 g5 27. Kc2
Kf8 28. Kd2 Ke7 29. Ke3 Ng6 30. Rd1 Nf4 31. Bf1 e5 32. Rd2 b5 33. g3 Ne6 34.
Bh3 Nd4 35. f4 f6 36. fxe5 fxe5 37. Rf2 a5 38. Bf1 Rc5 39. Bd3 b4 40. axb4 axb4
41. Na2 Nc6 42. Rc2 Kd6 43. Rd2 Ke7 44. Rc2 1/2-1/2

[Event "BL 0809 SF Katernberg - SC Eppingen"]
[Site "?"]
[Date "2009.01.31"]
[Round "10.2"]
[White "Firman, Nazar"]
[Black "Balogh, Csaba"]
[Result "1-0"]
[WhiteElo "2525"]
[BlackElo "2616"]
[PlyCount "135"]
[EventDate "2009.??.??"]

1. e4 e5 2. Nf3 Nc6 3. Bb5 Nf6 4. d3 Bc5 5. O-O Nd4 6. Ba4 Nxf3+ 7. Qxf3 O-O 8.
Nc3 c6 9. Bb3 a5 10. a4 d6 11. Kh1 Be6 12. Bxe6 fxe6 13. Qh3 Qe8 14. f3 Qf7 15.
Ne2 Rae8 16. Bd2 Bb6 17. g4 Nd7 18. g5 d5 19. Ng3 Nc5 20. Qg4 dxe4 21. fxe4 Qe7
22. b3 Rxf1+ 23. Rxf1 Rf8 24. Rxf8+ Kxf8 25. Qf3+ Qf7 26. Kg2 Nd7 27. Qe2 Bd8
28. Qe1 b6 29. Be3 c5 30. Qc3 Bc7 31. Qc4 Nb8 32. Nf1 Bd8 33. Nd2 Nc6 34. Nf3
Qd7 35. Qb5 Ke8 36. h4 Bc7 37. c3 Ne7 38. Qc4 Nc6 39. Bf2 Kd8 40. Bg3 Bd6 41.
Qa6 Kc7 42. Nd2 Qc8 43. Qxc8+ Kxc8 44. Nc4 Bc7 45. Kf3 Kd7 46. Kg4 Ke7 47. h5
Kf7 48. Kh4 Kf8 49. g6 hxg6 50. hxg6 Ke7 51. Kh5 Ke8 52. Bh4 Kf8 53. Ne3 Ke8
54. Ng4 Kf8 55. Nh2 Ke8 56. Nf3 Bb8 57. Ng5 Kd7 58. Nh7 Ne7 59. Bf6 gxf6 60.
Nxf6+ Kc6 61. c4 Bc7 62. g7 Bd8 63. Kh6 Kc7 64. Kh7 Kc6 65. Ng4 Kd6 66. Nh6 Kd7
67. Nf7 Bc7 68. Nh8 1-0

[Event "BL 0809 SF Katernberg - SC Eppingen"]
[Site "?"]
[Date "2009.01.31"]
[Round "10.3"]
[White "Gyimesi, Zoltan"]
[Black "Glek, Igor V"]
[Result "1-0"]
[WhiteElo "2592"]
[BlackElo "2512"]
[PlyCount "77"]
[EventDate "2009.??.??"]

1. d4 e6 2. c4 Bb4+ 3. Bd2 Bxd2+ 4. Qxd2 f5 5. g3 Nf6 6. Bg2 O-O 7. Nf3 d6 8.
Nc3 Qe7 9. O-O c6 10. Rae1 d5 11. Ne5 Nbd7 12. f4 Ne4 13. Nxe4 dxe4 14. Nxd7
Bxd7 15. c5 Be8 16. e3 Bh5 17. h3 Rad8 18. Qf2 g5 19. fxg5 Qxg5 20. Qf4 Qg7 21.
Rf2 Bg6 22. Ref1 Rfe8 23. Qg5 Qe7 24. Qxe7 Rxe7 25. g4 fxg4 26. hxg4 e5 27. Rd2
Rd5 28. b4 Kg7 29. Rfd1 Kh6 30. Kf2 Kg5 31. Kg3 Red7 32. a4 exd4 33. Rxd4 Rxd4
34. Rxd4 Rxd4 35. exd4 e3 36. b5 Be8 37. Bxc6 Bxc6 38. bxc6 bxc6 39. d5 1-0

[Event "BL 0809 SF Katernberg - SC Eppingen"]
[Site "?"]
[Date "2009.01.31"]
[Round "10.4"]
[White "Seel, Christian"]
[Black "Bindrich, Falko"]
[Result "1/2-1/2"]
[WhiteElo "2494"]
[BlackElo "2517"]
[PlyCount "84"]
[EventDate "2009.??.??"]

1. Nf3 d5 2. d4 Nf6 3. c4 c6 4. e3 Bg4 5. h3 Bxf3 6. Qxf3 e6 7. Bd3 Nbd7 8. O-O
Bd6 9. Nd2 O-O 10. e4 dxe4 11. Nxe4 Nxe4 12. Qxe4 Nf6 13. Qh4 Be7 14. Rd1 Re8
15. Rb1 a5 16. b3 g6 17. Qf4 Bf8 18. Qf3 Nd7 19. Be3 Bg7 20. Bf1 Qe7 21. Qe2 h5
22. Rbc1 Qa3 23. Rb1 Qe7 24. Rbc1 e5 25. dxe5 Bxe5 26. Kh1 Bc7 27. Qb2 Rad8 28.
Kg1 h4 29. Be2 Nf8 30. Rxd8 Rxd8 31. Rd1 Re8 32. Qd4 Ne6 33. Qd7 Qxd7 34. Rxd7
Rd8 35. Rxd8+ Bxd8 36. g3 Kg7 37. Kg2 hxg3 38. fxg3 Bg5 39. Bb6 Bd8 40. Be3 f5
41. Bd2 Kf7 42. Bd1 Bc7 1/2-1/2

[Event "BL 0809 SF Katernberg - SC Eppingen"]
[Site "?"]
[Date "2009.01.31"]
[Round "10.5"]
[White "Ruck, Robert"]
[Black "Siebrecht, Sebastian"]
[Result "1-0"]
[WhiteElo "2574"]
[BlackElo "2451"]
[PlyCount "47"]
[EventDate "2009.??.??"]

1. Nf3 Nf6 2. c4 c6 3. d4 d5 4. Nc3 a6 5. c5 Nbd7 6. Bf4 Nh5 7. g3 g6 8. Qd2
Nxf4 9. gxf4 Bh6 10. e3 O-O 11. h4 Nf6 12. Ne5 Ng4 13. h5 Bg7 14. hxg6 hxg6 15.
Bd3 Nxe5 16. fxe5 Bg4 17. f4 Qd7 18. Qh2 Rfd8 19. Kd2 e6 20. Qg3 Bf5 21. Bxf5
exf5 22. Rh4 Re8 23. Rah1 Re6 24. Qh2 1-0

[Event "BL 0809 SF Katernberg - SC Eppingen"]
[Site "?"]
[Date "2009.01.31"]
[Round "10.6"]
[White "Souleidis, Georgios"]
[Black "Acs, Peter"]
[Result "1-0"]
[WhiteElo "2440"]
[BlackElo "2542"]
[PlyCount "83"]
[EventDate "2009.??.??"]

1. e4 e5 2. Nf3 Nc6 3. Bc4 Bc5 4. c3 Nf6 5. d3 O-O 6. O-O d6 7. Bb3 a6 8. h3
Ba7 9. Nbd2 Ne7 10. Re1 Ng6 11. Nf1 h6 12. Ng3 Bd7 13. d4 Re8 14. Bc2 Qc8 15.
Be3 c5 16. Qd2 Kh7 17. Rad1 Nf8 18. dxe5 dxe5 19. Nxe5 Rxe5 20. f4 Re6 21. e5+
Kg8 22. exf6 Rxf6 23. f5 Rb6 24. b3 Bb8 25. Bf4 a5 26. Re7 Bxf4 27. Qxf4 Qd8
28. Qe5 Qb8 29. Qxb8 Rxb8 30. Rdxd7 Nxd7 31. Rxd7 Re8 32. Be4 a4 33. Bd5 Rf6
34. Rxb7 Re3 35. Kh2 a3 36. Ra7 h5 37. h4 Kf8 38. Rxa3 g6 39. Ra8+ Kg7 40. Ra7
Kf8 41. a4 Re5 42. c4 1-0

[Event "BL 0809 SF Katernberg - SC Eppingen"]
[Site "?"]
[Date "2009.01.31"]
[Round "10.7"]
[White "Medvegy, Zoltan"]
[Black "Thesing, Matthias"]
[Result "1-0"]
[WhiteElo "2556"]
[BlackElo "2403"]
[PlyCount "65"]
[EventDate "2009.??.??"]

1. d4 d5 2. c4 dxc4 3. Nf3 a6 4. e3 b5 5. a4 Bb7 6. b3 cxb3 7. axb5 axb5 8.
Rxa8 Bxa8 9. Bxb5+ c6 10. Bd3 e6 11. Nbd2 Nf6 12. Nxb3 Nbd7 13. O-O Be7 14. Qc2
O-O 15. Ne5 Qc7 16. Nxd7 Qxd7 17. Nc5 Qa7 18. Bb2 Bd6 19. e4 Bxc5 20. Ra1 Bxd4
21. Rxa7 Bxa7 22. e5 Ng4 23. Qa4 Nxf2 24. Bc2 Be3 25. Kf1 Rd8 26. Ke2 Bb6 27.
Qb4 Rb8 28. Qh4 h5 29. Qxh5 g6 30. Bxg6 fxg6 31. Qxg6+ Kh8 32. Qh6+ Kg8 33.
Qxe6+ 1-0

[Event "BL 0809 SF Katernberg - SC Eppingen"]
[Site "?"]
[Date "2009.01.31"]
[Round "10.8"]
[White "Scholz, Christian"]
[Black "Guliyev, Namig"]
[Result "1/2-1/2"]
[WhiteElo "2372"]
[BlackElo "2521"]
[PlyCount "124"]
[EventDate "2009.??.??"]

1. d4 d5 2. c4 dxc4 3. Nf3 Nf6 4. e3 e6 5. Bxc4 a6 6. O-O c5 7. Bb3 b6 8. Nc3
Bb7 9. Re1 Nbd7 10. e4 cxd4 11. Nxd4 Ne5 12. Bf4 Ng6 13. Bg5 Bc5 14. Nd5 O-O
15. Nxf6+ gxf6 16. Be3 Qe7 17. Qg4 Kh8 18. Nf3 Bxe3 19. Rxe3 Rg8 20. Ne1 Ne5
21. Qe2 Rg4 22. f3 Rgg8 23. Rc1 Rad8 24. Rec3 Rd7 25. Qe3 b5 26. Nd3 Nxd3 27.
Rxd3 Rxd3 28. Qxd3 Rd8 29. Qe3 a5 30. Qc5 Qxc5+ 31. Rxc5 a4 32. Bc2 Ba6 33. Rc6
Rd2 34. Bxa4 Bb7 35. Rb6 Bxe4 36. Rxb5 Bd5 37. a3 Kg7 38. Rb4 f5 39. Bb3 Bc6
40. Bc4 e5 41. Rb6 Bd7 42. Rb3 e4 43. fxe4 fxe4 44. Re3 f5 45. b3 Bc6 46. g3
Kf6 47. Re2 Rd1+ 48. Kf2 Ke5 49. Ke3 Rc1 50. Rd2 Rc3+ 51. Ke2 h5 52. Rd8 h4 53.
Kd2 Rf3 54. Rc8 Kd6 55. Rg8 Rf2+ 56. Ke3 Rxh2 57. Rg6+ Kc7 58. Be6 hxg3 59.
Rxg3 Ra2 60. a4 Rb2 61. Bxf5 Rxb3+ 62. Kf4 Rxg3 1/2-1/2

[Event "BL 0809 Schachfr. Berlin - Solinger SG"]
[Site "?"]
[Date "2009.01.31"]
[Round "10.3"]
[White "Buhmann, Rainer"]
[Black "Polzin, Rainer"]
[Result "1-0"]
[WhiteElo "2541"]
[BlackElo "2500"]
[PlyCount "81"]
[EventDate "2009.??.??"]

1. Nf3 c5 2. c4 b6 3. d4 cxd4 4. Nxd4 Bb7 5. Nc3 a6 6. e4 e6 7. Bd3 d6 8. O-O
Nf6 9. b3 Be7 10. Bb2 Nbd7 11. Rc1 O-O 12. Bb1 Rc8 13. Kh1 Qc7 14. f4 Rfe8 15.
Qf3 Qb8 16. Qh3 Bf8 17. Rce1 g6 18. e5 Nh5 19. f5 exf5 20. e6 fxe6 21. Nxe6 Ne5
22. Nxf8 Rxf8 23. Bxf5 gxf5 24. Qxh5 Rc7 25. Nd5 Bxd5 26. cxd5 Rcf7 27. Re3 Qc7
28. Qe2 f4 29. Bxe5 dxe5 30. Rxe5 b5 31. Rd1 Qd7 32. d6 Rd8 33. Rg5+ Rg7 34.
Qe5 Rf8 35. h3 f3 36. Rxg7+ Qxg7 37. Qxg7+ Kxg7 38. gxf3 Kf6 39. Kg2 Rd8 40. d7
Ke7 41. Kf2 1-0

[Event "BL 0809 Schachfr. Berlin - Solinger SG"]
[Site "?"]
[Date "2009.01.31"]
[Round "10.4"]
[White "Lauber, Arnd"]
[Black "Naumann, Alexander"]
[Result "1-0"]
[WhiteElo "2497"]
[BlackElo "2518"]
[PlyCount "69"]
[EventDate "2009.??.??"]

1. d4 d5 2. c4 c6 3. Nc3 dxc4 4. e4 b5 5. a4 b4 6. Nce2 Nf6 7. Ng3 e5 8. Nf3
exd4 9. Bxc4 Ba6 10. Bxa6 Nxa6 11. e5 Nd7 12. O-O c5 13. Ng5 h6 14. Nxf7 Kxf7
15. Qb3+ Ke8 16. Qe6+ Qe7 17. Qxa6 Qxe5 18. Bd2 Qd5 19. Qg6+ Kd8 20. Rfe1 Kc7
21. Nf5 Kb7 22. a5 a6 23. Re6 Rc8 24. Nd6+ Bxd6 25. Rxd6 Rc6 26. Rxd5 Rxg6 27.
Rxd7+ Kc6 28. Ra7 Kd5 29. b3 Ke4 30. Rc7 Kd3 31. Be1 Rg5 32. Rc1 Ke2 33. Re7+
Kd3 34. Kf1 Rf8 35. Re2 1-0

[Event "BL 0809 Schachfr. Berlin - Solinger SG"]
[Site "?"]
[Date "2009.01.31"]
[Round "10.5"]
[White "Ragger, Markus"]
[Black "Schneider, Ilja"]
[Result "1-0"]
[WhiteElo "2518"]
[BlackElo "2486"]
[PlyCount "67"]
[EventDate "2009.??.??"]

1. Nf3 Nf6 2. c4 c6 3. d4 d5 4. Nc3 a6 5. a4 e6 6. g3 dxc4 7. Bg2 c5 8. dxc5
Qxd1+ 9. Nxd1 Bxc5 10. Ne5 Nd5 11. Ne3 Nxe3 12. Bxe3 Bxe3 13. fxe3 Bd7 14. Nxc4
Bc6 15. O-O Bxg2 16. Kxg2 Nc6 17. Nd6+ Ke7 18. Nxf7 Rhf8 19. Ng5 h6 20. Nf3
Rad8 21. Rac1 Rd5 22. Rc4 g5 23. b4 Rfd8 24. h4 Rd1 25. Rf2 Rb1 26. hxg5 hxg5
27. Nxg5 Rg8 28. Rf7+ Ke8 29. Rxb7 Nd8 30. Ne4 Nxb7 31. Nf6+ Kf7 32. Nxg8 Nd6
33. Nh6+ Kg6 34. Rc6 1-0

[Event "BL 0809 Schachfr. Berlin - Solinger SG"]
[Site "?"]
[Date "2009.01.31"]
[Round "10.6"]
[White "Berndt, Stephan"]
[Black "Ernst, Sipke"]
[Result "1/2-1/2"]
[WhiteElo "2440"]
[BlackElo "2576"]
[PlyCount "58"]
[EventDate "2009.??.??"]

1. e4 e5 2. Nf3 Nf6 3. d4 Nxe4 4. Bd3 d5 5. dxe5 Nc5 6. O-O Be7 7. Nc3 c6 8.
Nd4 Nxd3 9. Qxd3 O-O 10. Nf5 Bxf5 11. Qxf5 Qd7 12. Qd3 Na6 13. Ne2 f6 14. exf6
Bxf6 15. c3 Nc5 16. Qc2 Bd8 17. Be3 Bb6 18. c4 Qf7 19. cxd5 Qxd5 20. Rad1 Qf5
21. Qxf5 Rxf5 22. Nc3 Re8 23. Rfe1 Rfe5 24. Kf1 h6 25. Bxc5 Rxe1+ 26. Rxe1
Rxe1+ 27. Kxe1 Bxc5 28. Ne4 Be7 29. f4 Kf7 1/2-1/2

[Event "BL 0809 Schachfr. Berlin - Solinger SG"]
[Site "?"]
[Date "2009.01.31"]
[Round "10.7"]
[White "Hoffmann, Michael"]
[Black "Degtiarev, Evgeny"]
[Result "1-0"]
[WhiteElo "2469"]
[BlackElo "2388"]
[PlyCount "65"]
[EventDate "2009.??.??"]

1. d4 Nf6 2. c4 b6 3. Nc3 Bb7 4. Nf3 d5 5. Bg5 Ne4 6. cxd5 Nxc3 7. bxc3 Qxd5 8.
Qa4+ Qd7 9. Qc2 e6 10. e3 Be7 11. Ne5 Qd8 12. Bf4 f6 13. Nf3 Bd6 14. Bg3 Nd7
15. Bd3 Nf8 16. O-O Bxf3 17. gxf3 f5 18. Bb5+ Kf7 19. d5 Qg5 20. f4 Qg6 21.
dxe6+ Qxe6 22. Rad1 Nd7 23. Rd4 Kg6 24. e4 Nc5 25. Bc4 Qe8 26. exf5+ Kh6 27.
Bh4 Be7 28. Bg5+ Bxg5 29. fxg5+ Kxg5 30. Qd2+ Kf6 31. Rg4 Ne4 32. Qd4+ Kxf5 33.
Rxe4 1-0

[Event "BL 0809 Schachfr. Berlin - Solinger SG"]
[Site "?"]
[Date "2009.01.31"]
[Round "10.8"]
[White "Thiede, Lars"]
[Black "Edouard, Romain"]
[Result "1/2-1/2"]
[WhiteElo "2464"]
[BlackElo "2531"]
[PlyCount "82"]
[EventDate "2009.??.??"]

1. g3 d5 2. Bg2 e5 3. d3 Nf6 4. Nf3 Nc6 5. O-O Be7 6. a3 a5 7. b3 Be6 8. Bb2
Nd7 9. e3 O-O 10. Qe2 b5 11. Nbd2 Rb8 12. h3 f6 13. Nh4 Nb6 14. e4 Qd7 15. Kh2
b4 16. a4 Bc5 17. exd5 Nxd5 18. Nhf3 Rbe8 19. Nc4 Nb6 20. Nxb6 cxb6 21. Rad1
Rc8 22. Rfe1 Rfe8 23. Rd2 Bd5 24. Qd1 Red8 25. Ree2 Bxf3 26. Bxf3 Bd4 27. Bxc6
Qxc6 28. Bxd4 Rxd4 29. Qe1 Rcd8 30. Re3 h5 31. f3 b5 32. axb5 Qxb5 33. Re4 Qc6
34. Rde2 a4 35. Rxd4 Rxd4 36. bxa4 Qxa4 37. Qb1 h4 38. Re4 hxg3+ 39. Kxg3 Qd7
40. Qb2 Qd6 41. Qa2+ Kh7 1/2-1/2

[Event "BL 0809 Hamburger SK - SV Wattenscheid"]
[Site "?"]
[Date "2009.01.31"]
[Round "10.2"]
[White "Kempinski, Robert"]
[Black "Rustemov, Alexander"]
[Result "1/2-1/2"]
[WhiteElo "2595"]
[BlackElo "2520"]
[PlyCount "74"]
[EventDate "2009.??.??"]

1. d4 d5 2. c4 c6 3. Nf3 Nf6 4. Nc3 a6 5. e3 b5 6. c5 g6 7. Ne5 Bg7 8. Be2 Nfd7
9. f4 O-O 10. O-O a5 11. Bf3 Nxe5 12. fxe5 f5 13. exf6 Bxf6 14. Ne2 Bg7 15. Bd2
Bf5 16. Ng3 e6 17. Bc3 Nd7 18. a3 Nf6 19. Qe1 a4 20. Rd1 Ra7 21. e4 dxe4 22.
Nxe4 Nxe4 23. Bxe4 Bxe4 24. Rxf8+ Bxf8 25. Qxe4 Qd5 26. Qe3 Bg7 27. Rf1 Rf7 28.
Rxf7 Kxf7 29. Qf4+ Kg8 30. Qb8+ Bf8 31. Qe8 Qe4 32. h3 Qe3+ 33. Kh1 Qc1+ 34.
Kh2 Qf4+ 35. Kg1 Qe3+ 36. Kh1 Qc1+ 37. Kh2 Qf4+ 1/2-1/2

[Event "BL 0809 Hamburger SK - SV Wattenscheid"]
[Site "?"]
[Date "2009.01.31"]
[Round "10.3"]
[White "Appel, Ralf"]
[Black "Ftacnik, Lubomir Dr"]
[Result "1-0"]
[WhiteElo "2541"]
[BlackElo "2571"]
[PlyCount "129"]
[EventDate "2009.??.??"]

1. d4 Nf6 2. Nf3 g6 3. Bf4 Bg7 4. c3 b6 5. Nbd2 Bb7 6. Qc2 O-O 7. e4 d6 8. Bc4
Qc8 9. Bg3 c5 10. d5 Na6 11. a4 Nc7 12. O-O Nh5 13. Bh4 Qd7 14. Rfe1 e6 15.
dxe6 fxe6 16. Rad1 Rae8 17. Bf1 d5 18. Nc4 Bf6 19. Bxf6 Rxf6 20. Nd6 Rb8 21.
Nxb7 Rxb7 22. Ne5 Qg7 23. g3 Rb8 24. Bg2 Rbf8 25. Ng4 R6f7 26. exd5 exd5 27.
Bxd5 Nxd5 28. Rxd5 Nf6 29. Nxf6+ Qxf6 30. f4 Re7 31. Rxe7 Qxe7 32. Qd2 Qe4 33.
Rd7 Rf5 34. b3 c4 35. b4 a5 36. b5 g5 37. Rd4 Qb1+ 38. Kg2 gxf4 39. Rd8+ Kg7
40. Qd4+ Rf6 41. Qd7+ Kh6 42. Qh3+ Kg6 43. Qg4+ Kh6 44. Qh4+ Kg6 45. Rg8+ Kf7
46. Qxf6+ Kxg8 47. Qd8+ Kf7 48. Qc7+ Ke8 49. Qxc4 Qc2+ 50. Kf3 fxg3 51. hxg3
Qf5+ 52. Qf4 Qh5+ 53. Ke3 Qh2 54. Kd3 Qa2 55. Qe4+ Kf8 56. Qa8+ Ke7 57. Qb7+
Kf8 58. Qxb6 Qxa4 59. Qf6+ Kg8 60. b6 Qd1+ 61. Kc4 a4 62. Qe6+ Kg7 63. Kb4 Qc2
64. Qd7+ Kg6 65. Qxa4 1-0

[Event "BL 0809 Hamburger SK - SV Wattenscheid"]
[Site "?"]
[Date "2009.01.31"]
[Round "10.4"]
[White "Mueller, Karsten Dr"]
[Black "Handke, Florian"]
[Result "1/2-1/2"]
[WhiteElo "2517"]
[BlackElo "2498"]
[PlyCount "73"]
[EventDate "2009.??.??"]

1. e4 c5 2. Nf3 e6 3. d4 cxd4 4. Nxd4 Nc6 5. Nb5 d6 6. Bf4 e5 7. Be3 Nf6 8.
N1c3 Be7 9. Bg5 a6 10. Bxf6 gxf6 11. Na3 f5 12. Bd3 O-O 13. Nc4 fxe4 14. Bxe4
f5 15. Bd5+ Kh8 16. O-O Rb8 17. a4 Na5 18. Kh1 Bf6 19. Qd2 Bg7 20. Rad1 Nxc4
21. Bxc4 Rf6 22. f4 Rh6 23. Qe3 Bd7 24. h3 b5 25. axb5 axb5 26. Bd5 b4 27. Ne2
Qb6 28. Qxb6 Rxb6 29. fxe5 dxe5 30. Be4 Rbd6 31. Ra1 Rhf6 32. Ra8+ Bf8 33. Ng3
fxe4 34. Rxf8+ Rxf8 35. Rxf8+ Kg7 36. Nf5+ Bxf5 37. Rxf5 1/2-1/2

[Event "BL 0809 Hamburger SK - SV Wattenscheid"]
[Site "?"]
[Date "2009.01.31"]
[Round "10.5"]
[White "Dinstuhl, Volkmar Dr"]
[Black "Heinemann, Thies"]
[Result "0-1"]
[WhiteElo "2436"]
[BlackElo "2490"]
[PlyCount "58"]
[EventDate "2009.??.??"]

1. d4 Nf6 2. Nf3 e6 3. c4 b6 4. g3 Ba6 5. Qc2 c5 6. d5 exd5 7. cxd5 g6 8. Bg2
Bg7 9. O-O O-O 10. Nc3 d6 11. Re1 Nbd7 12. Bf4 Qe7 13. e4 Ng4 14. Rad1 Nge5 15.
Nxe5 Nxe5 16. Bxe5 Bxe5 17. f4 Bd4+ 18. Kh1 Rad8 19. Qa4 Bc8 20. Nb5 Qd7 21. b3
Bg7 22. Nxa7 Qxa4 23. bxa4 Bg4 24. Rb1 Ra8 25. Nc6 Rxa4 26. Rxb6 Bc3 27. Reb1
Rxa2 28. Ne7+ Kg7 29. Rxd6 Rb8 0-1

[Event "BL 0809 Hamburger SK - SV Wattenscheid"]
[Site "?"]
[Date "2009.01.31"]
[Round "10.6"]
[White "Reeh, Oliver"]
[Black "Tereick, Benjamin"]
[Result "1/2-1/2"]
[WhiteElo "2429"]
[BlackElo "2356"]
[PlyCount "72"]
[EventDate "2009.??.??"]

1. e4 e6 2. d4 d5 3. Nd2 c5 4. Ngf3 Nc6 5. Bb5 a6 6. Bxc6+ bxc6 7. O-O Nf6 8.
e5 Nd7 9. c4 a5 10. Re1 a4 11. cxd5 cxd5 12. Nb1 Be7 13. Nc3 Qa5 14. Bd2 Qa6
15. Bg5 Bxg5 16. Nxg5 h6 17. Qh5 O-O 18. Nf3 Qb6 19. Ne2 cxd4 20. Nf4 Nc5 21.
Qg4 Ne4 22. Nh5 g6 23. Rxe4 dxe4 24. Nf6+ Kg7 25. Nh5+ Kg8 26. Nf6+ Kg7 27.
Nh5+ Kh8 28. Qf4 Kh7 29. Nf6+ Kg7 30. Ng4 Rh8 31. Qf6+ Kg8 32. Nh4 Qc7 33. Nxg6
fxg6 34. Qxg6+ Kf8 35. Qf6+ Kg8 36. Qg6+ Kf8 1/2-1/2

[Event "BL 0809 Hamburger SK - SV Wattenscheid"]
[Site "?"]
[Date "2009.01.31"]
[Round "10.7"]
[White "Straeter, Timo"]
[Black "Huschenbeth, Niclas"]
[Result "0-1"]
[WhiteElo "2303"]
[BlackElo "2417"]
[PlyCount "82"]
[EventDate "2009.??.??"]

1. d4 Nf6 2. Nf3 g6 3. Bg5 Bg7 4. Nbd2 O-O 5. c3 d5 6. e3 b6 7. Be2 Bb7 8. O-O
Nbd7 9. b4 Qe8 10. c4 e5 11. Rc1 Rc8 12. c5 bxc5 13. bxc5 Bc6 14. Bxf6 Bxf6 15.
Nb3 e4 16. Nfd2 Nb8 17. Na5 Ba4 18. Ndb3 c6 19. Qd2 Bd8 20. Nb7 Bc7 21. N3a5 a6
22. f4 f5 23. Rb1 Bb5 24. Rb4 Qe7 25. a4 Bxe2 26. Qxe2 g5 27. g3 gxf4 28. gxf4
Kh8 29. Rbb1 Rg8+ 30. Kh1 Rg4 31. Rg1 Rcg8 32. Rxg4 fxg4 33. Rg1 h5 34. Qf2 h4
35. Nb3 Qh7 36. Nd6 Bxd6 37. cxd6 Nd7 38. Nc5 Nf6 39. f5 g3 40. Qf4 Qh5 41. d7
g2+ 0-1

[Event "BL 0809 Turm Emsdetten - SC Remagen"]
[Site "?"]
[Date "2009.01.31"]
[Round "10.1"]
[White "Goloshchapov, Alexander"]
[Black "Hector, Jonny"]
[Result "1-0"]
[WhiteElo "2579"]
[BlackElo "2552"]
[PlyCount "91"]
[EventDate "2009.??.??"]

1. d4 d5 2. c4 c6 3. Nc3 e5 4. e3 e4 5. Qb3 Nf6 6. Bd2 Bd6 7. cxd5 O-O 8. Nge2
Re8 9. a3 h5 10. h3 h4 11. Rc1 a6 12. g4 hxg3 13. Nxg3 Bxg3 14. fxg3 cxd5 15.
Na4 Qd6 16. Kf2 Nc6 17. Kg2 Bd7 18. Be2 Rad8 19. Nc5 Bc8 20. Nxb7 Bxb7 21. Qxb7
Nb8 22. Qc7 Qe6 23. Rhf1 Rd6 24. Bb4 Rb6 25. Rc2 Nbd7 26. Qf4 Reb8 27. Qf5 Qe8
28. Rfc1 a5 29. Bxa5 Rxb2 30. Bb4 Rxc2 31. Rxc2 Nf8 32. Qe5 Ne6 33. g4 Rd8 34.
h4 Qa4 35. Rc3 Nh7 36. g5 Nhf8 37. h5 Nd7 38. Qf5 Ndf8 39. Qe5 Nh7 40. g6 Nf6
41. Be7 Qa5 42. Rc2 Qa4 43. Rc1 Qb3 44. Kf2 Re8 45. Bxf6 fxg6 46. Rc8 1-0